WINNING AND WORKING (Record no. 5385)

MARC details
000 -LEADER
fixed length control field 00292nam a22001337a 4500
005 - DATE AND TIME OF LATEST TRANSACTION
control field 20210907104239.0
008 - FIXED-LENGTH DATA ELEMENTS--GENERAL INFORMATION
fixed length control field 170401b xxu||||| |||| 00| 0 eng d
041 ## - LANGUAGE CODE
Language code of text/sound track or separate title eng
100 ## - MAIN ENTRY--AUTHOR NAME
Personal name SONI,H P
245 ## - TITLE STATEMENT
Title WINNING AND WORKING
300 ## - PHYSICAL DESCRIPTION
Number of Pages 354
650 ## - SUBJECT ADDED ENTRY--TOPICAL TERM
Topical Term MINNING
942 ## - ADDED ENTRY ELEMENTS (KOHA)
Koha item type Books
Holdings
Lost status Damaged status Collection code Home library Current library Shelving location Date acquired Source of acquisition Cost, normal purchase price Accession Number Koha item type
    MINING JRU Library JRU Library SHELF-94-B 30/04/2017 PURCHASE 200.00 21614 Books
Lost and Paid For     JRU Library     30/04/2017 PURCHASE 200.00 21615 Books
      JRU Library   SHELF-6-C 30/04/2017 PURCHASE 200.00 21616 Books